Articoli varj di statistica ed economia di Melchiorre Gioja (Registro nro. 68806)

Detalles MARC
000 -LEADER
campo de control de longitud fija 00651nam a22001695i 4500
001 - NÚMERO DE CONTROL
campo de control 68806
003 - IDENTIFICADOR DE NÚMERO DE CONTROL
campo de control ES-MaACL
005 - FECHA Y HORA DE LA ÚLTIMA TRANSACCIÓN
campo de control 20230906170352.0
007 - CAMPO FIJO DE DESCRIPCIÓN FÍSICA--INFORMACIÓN GENERAL
campo de control de longitud fija t|
008 - DATOS DE LONGITUD FIJA--INFORMACIÓN GENERAL
campo de control de longitud fija 960829s1834 it ||||1| ita d
040 ## - FUENTE DE CATALOGACIÓN
Centro catalogador/agencia de origen CAM
Lengua de catalogación spa
Centro/agencia transcriptor CAM
100 1# - ENTRADA PRINCIPAL--NOMBRE DE PERSONA
Nombre de persona Gioja, Melchiorre.
9 (RLIN) 57155
245 10 - MENCIÓN DEL TÍTULO
Título Articoli varj di statistica ed economia di Melchiorre Gioja
Resto del título : estratti da varj giornali e per la prima volta raccolti ed ordinati aggiuntevi le tavole statistiche e la risposta alle obbiezioni fatte alle stesse.
260 ## - PUBLICACIÓN, DISTRIBUCIÓN, ETC.
Lugar de publicación, distribución, etc. Lugano :
Nombre del editor, distribuidor, etc. [s.n.],
Fecha de publicación, distribución, etc. 1834 (
Fabricante Presso Guis Ruggia e C.)
300 ## - DESCRIPCIÓN FÍSICA
Extensión 3 v. (354; 499; 297 p.) ;
Dimensiones 22 cm.
852 ## - LOCALIZACIÓN
Ubicación ES-MaACL
Número de control de estantería C-2652-4
Existencias
Estatus retirado Estado de pérdida Estado de daño No para préstamo Colección Biblioteca de origen Biblioteca actual Ubicación en estantería Fecha de adquisición Fuente de adquisición Total de préstamos Signatura topográfica completa Código de barras Visto por última vez Precio de reemplazo Tipo de ítem Koha
        Libros del s. XIX Biblioteca del Ateneo de Madrid Biblioteca del Ateneo de Madrid Sala Palomar 17/01/2008     C-2652-4 1072042 23/02/2023 23/02/2023 Libro impreso antiguo